| 000 | 00605nam a22001577a 4500 | ||
|---|---|---|---|
| 005 | 20120329153437.0 | ||
| 020 |
_a8188621005 _c1100.00 |
||
| 035 | _aB-98333 | ||
| 037 |
_aDPL _bENG |
||
| 100 |
_aShukla, Vidyavachaspati Amarnath _944544 |
||
| 245 |
_aEncyclopaedia of indian mythology / _cby Vidyavachaspati Amarnath Shukla |
||
| 260 |
_aNew Delhi _bShubhkamna Publishers (P) Ltd. _c2002 |
||
| 300 |
_axxiii, 767p. _c20 cms. |
||
| 942 |
_2ddc _cEN _h231.03 _mENC |
||
| 999 |
_c64525 _d64525 |
||